Statistics for Which US City?

Click here to take the quiz!

General Stats

  • This quiz has been taken 34 times
    (20 since last reset)
  • The average score is 23 of 28

Answer Stats

ClueAnswerInitial% Correct
New York state capitl?AlbanyA
100%
City which has hosted summer Olympics?AtlantaA
100%
Texan capital?AustinA
100%
City that straddles the Rio Grande river?El PasoE
100%
City in Oregon?EugeneE
100%
State capital of Connecticut?HartfordH
100%
Most mentioned US City from space?HoustonH
100%
Home of NBA team the Pacers?IndianapolisI
100%
Kentucky city in which Muhammad Ali was born?LouisvilleL
100%
City in which Tim McVeigh killed 186 people by bombing in 1995?Oklahoma CityO
100%
Nebraska's largest city?OmahaO
100%
City known as 'City Of Steel' due to having over 300 steel related companies ?PittsburghP
100%
City famed for it's witchcraft trials in 1692?SalemS
100%
Capital of Florida?TallahasseeT
100%
City of New Mexico?AlbuquerqueA
93%
Ohio city from which Charles Manson came from?CincinnatiC
93%
Arizona city from which John Denver came from?TucsonT
93%
Home of White House?Washington D.CW
93%
Washington city home to aviation giant Boeing?SeattleS
87%
City in Washington state knopwn for its Museum Of Glass?TacomaT
87%
Florida venue of amusement park Busch Gardens?TampaT
87%
Californian city that was voted best-run city in 2016 by 24/7 Wall Street ?IrvineI
67%
Elvis Presley's birthplace?TupeloT
67%
City in central Massachusetts?WorcesterW
67%
Home city of LA Lakers?InglewoodI
53%
Massachusetts city home of the New England Patriots?FoxboroughF
20%
ANAGRAM ANSWERDes Moines(What is the state capital of IOWA?)
7%
Second largest city in Orange County?AnaheimA
0%

Score Distribution

Percentile by Number Answered

Percent of People with Each Score

Your Score History

You have not taken this quiz since the last reset